Designing Work Groups, Jobs, and Work Flow
Enregistré dans:
| Auteur principal: | |
|---|---|
| Autres auteurs: | , |
| Format: | Livre |
| Langue: | anglais |
| Publié: |
San Francisco
Jossey-Bass Publ.
1995
|
| Édition: | 1. ed. |
| Collection: | <A> Publication in the NSPI Series
|
| Sujets: | |
| Tags: |
Pas de tags, Soyez le premier à ajouter un tag!
|
MARC
| LEADER | 00000nam a2200000 4500 | ||
|---|---|---|---|
| 001 | c020074 | ||
| 005 | 20221205132845.2 | ||
| 020 | |a 0-7879-0063-X | ||
| 041 | 0 | |a eng | |
| 044 | |a US | ||
| 245 | 1 | 0 | |a Designing Work Groups, Jobs, and Work Flow |c Toni Hupp, Craig Polak, Odin Westgaard |
| 250 | |a 1. ed. | ||
| 264 | 1 | |a San Francisco |b Jossey-Bass Publ. |c 1995 | |
| 300 | |a 246 s. | ||
| 490 | 1 | |a <A> Publication in the NSPI Series | |
| 830 | 0 | |a <A> Publication in the NSPI Series | |
| 610 | 2 | 0 | |a práca |
| 610 | 2 | 0 | |a práca tímová |
| 610 | 2 | 0 | |a skupiny pracovné |
| 610 | 2 | 0 | |a projektovanie |
| 610 | 2 | 0 | |a projekty organizačné |
| 610 | 2 | 0 | |a miesta pracovné |
| 100 | 1 | |a Hupp, Toni | |
| 700 | 1 | |a Polak, Craig | |
| 700 | 1 | |a Westgaard, Odin | |